000 01064cam a2200301u 4500
001 4285
003 BD-RjUL
005 20211208233851.0
008 131222s1960 enk 000 0 eng
035 _a(BD-RjUL)4320
040 _aDLC
_cCarP
_dDLC
_dBD-RjUL
_beng
041 _aeng
082 0 4 _218
_a347.92
_bHAO 1960
100 1 _aHarwood, Basil Antony.
_913476
245 1 0 _aPrinciples of pleading and practice in civil actions in the High Court of Justice/
_cBasil Antony Harwood.
250 _a17th ed.
260 _aLondon :
_bStevens,
_c1960.
300 _axl, 541 p. ;
_c23 cm.
650 0 _aPleading
_zGreat Britain.
_913473
650 0 _aCivil procedure
_zGreat Britain.
_913474
700 1 _aHarwood, Basil Antony. [from old catalog]
_913572
700 1 _aHarwood, Giles Francis. [from old catalog]
_913573
710 1 _aGreat Britain.
_bHigh Court of Justice. [from old catalog]
_913574
942 _2ddc
_cBK
999 _c4285
_d4285